Online Catalogue and eLibrary

Paddinaththar padalkal : (Record no. 4078)

MARC details
000 -LEADER
fixed length control field 00425nam a2200157Ia 4500
005 - DATE AND TIME OF LATEST TRANSACTION
control field 20250324010826.0
008 - FIXED-LENGTH DATA ELEMENTS--GENERAL INFORMATION
fixed length control field 240331s9999 xx 000 0 und d
082 ## - DDC Classification
Item Number - Author Mark PAT
Class No. 894
100 ## - MAIN ENTRY--PERSONAL NAME
Personal name Pattinaththar,
245 #0 - TITLE STATEMENT
Title Paddinaththar padalkal :
Remainder of title moolamum uraiyum
250 ## - EDITION STATEMENT
Edition statement 2nd
260 ## - PUBLICATION, DISTRIBUTION, ETC.
Place of publication, distribution, etc. Chennai
Name of publisher, distributor, etc. Varthamaanan pathippagam
Date of publication, distribution, etc. 1996
300 ## - PHYSICAL DESCRIPTION
Extent (e.g. Volumes, Pages etc.) 640 p .,
500 ## - GENERAL NOTE
General note Pattinathaar padalkalin moolamum uraium
942 ## - Koha item type (Biblio)
Koha item type Books in Stacks (Lending)
Holdings
Lost status Damaged status Collection code Home library Current library Shelving location Date acquired Full call number Accession Number Item type
    Lending WERC Library WERC Library Social Science Cupboard 03/31/2024 894.811 PAT 2343 Books in Stacks (Lending)

© WERC Library